Daň z pridanej hodnoty so zameraním na prenos daňovej povinnosti v tuzemsku a pri intrakomunitárnom dodaní vybraných tovarov a služieb diplomová práca

Guardado en:
Detalles Bibliográficos
Autor principal: Dávidíková, Martina
Autor Corporativo: Fakulta hospodárskej informatiky EU. Katedra účtovníctva a audítorstva
Otros Autores: Marci, Anton, 1989-
Formato: Libro
Lenguaje:eslovaco
Publicado: Bratislava 2020
Etiquetas: Agregar Etiqueta
Sin Etiquetas, Sea el primero en etiquetar este registro!

MARC

LEADER 00000nbm a2200000 4500
001 0266854
005 20210430102120.6
041 0 |a slo 
044 |a SK 
245 1 0 |a Daň z pridanej hodnoty so zameraním na prenos daňovej povinnosti v tuzemsku a pri intrakomunitárnom dodaní vybraných tovarov a služieb  |b diplomová práca  |c Martina Dávidíková ; školiteľ: Anton Marci 
264 1 |a Bratislava  |c 2020 
300 |a 55 s. 
100 1 |a Dávidíková, Martina 
700 1 |a Marci, Anton, 1989- 
710 2 |a Fakulta hospodárskej informatiky EU. Katedra účtovníctva a audítorstva